Geography of D.R. Congo - Statistics

General Stats
  • This quiz has been taken 26 times
  • The average score is 11 of 20
Answer Stats
Question Answer % Correct
What is the capital city of the Democratic Republic of Congo? Kinshasa
100%
What national capital is located across the Congo River from the above? Brazzaville
92%
What is the official language of the DRC? French
92%
What is the largest lake that the DRC has territory on? Lake Tanganyika
79%
What type of primate can only be found in the DRC? Bonobo
71%
What is the main lingua franca spoken in eastern DRC? Swahili
71%
What animal is also known as the "zebra giraffe"? Okapi
67%
What is the second-largest city in the DRC? Lubumbashi
63%
What national capital is just north of Zongo, DRC? Bangui
58%
Name either of the two largest DRC cities with a coast on the above lake Bukavu / Goma
50%
The DRC the largest producer in the world of what type of metal, found in lithium batteries? Cobalt
46%
What lake between the DRC and Rwanda is known for its high concentration of methane? Lake Kivu
46%
What is the highest point in the DRC, located on the border with Uganda? Mount Stanley
46%
What are Nyiragongo and Nyamuragira? Volcanoes
46%
What language is spoken in northwestern DRC? Lingala
42%
What is the third-largest city? Mbuji-Mayi
42%
What city in northern DRC was formerly known as Stanleyville? Kisangani
38%
What language is spoken in the DRC's ocean panhandle? Kituba
29%
What is the largest port city of the DRC? (located on the Congo River, not the ocean) Matadi
25%
What language is spoken in south-central DRC? Tshiluba
17%
No matching quizzes found
Score Distribution
Percent of People with Each Score
Percentile by Number Answered
Your Score History
You have not taken this quiz